000 00634cab a2200193 4500
001 ABS40239
008 090401t1989 xxu||||| |||| 00| 0 eng d
035 _a(Sirsi) u22442
041 _aeng
245 _aAlternative land use
260 _c1989
350 _a0
490 _aFarm Development Review
_v3(3) January 1989, 17-24(8) LOAN
520 _aThis issue features the Marlow Wade report on venison marketing, farming llamas, alpacas and guanacos, the Farm Diversification Grant scheme and the Farm Woodland scheme .
650 _aALTERNATIVE ENTERPRISES
690 _aRURAL PRACTICE
942 _n0
948 _c04/03/1997
999 _c15034
_d15034